Stropná doska administratívnej budovy

Saved in:
Bibliographic Details
Main Author: Šišmišová, Tatiana (Author)
Other Authors: Gramblička, Štefan (Thesis advisor)
Format: Manuscript Book
Language:Slovak
Published: 2016
Subjects:
Online Access:http://is.stuba.sk/zp/portal_zp.pl?podrobnosti=108820
https://opac.crzp.sk/?fn=detailBiblioForm&sid=CAF43C23BCEFEBA4BFCB11BCB6F5
Tags: Add Tag
No Tags, Be the first to tag this record!

MARC

LEADER 00000ntm a22000003a 4500
001 stuzp56857
003 SK-STU
005 20230719102753.9
007 ta
008 150427s2015----xo-----f-mn---000-0-slo-d
040 |a STU  |b slo 
041 0 |a slo 
100 1 |a Šišmišová, Tatiana  |u 010110  |4 aut  |U SvF Stavebná fakulta  |T SvF Katedra betónových konštrukcií a mostov  |X 63366  |U V110  |Y 11  |7 63366 
242 0 1 |a Reinforced concrete slab office building  |y eng 
245 1 0 |a Stropná doska administratívnej budovy 
260 |c 2016 
650 4 |a doska  |2 slo 
650 4 |a železobetón  |2 slo 
650 4 |a administratívna budova  |2 slo 
650 4 |a reinforced  |2 eng 
650 4 |a slab  |2 eng 
650 4 |a office building  |2 eng 
700 1 |a Gramblička, Štefan  |u 010110  |k Z1  |4 ths  |U SvF Stavebná fakulta  |T SvF Katedra betónových konštrukcií a mostov  |X 938  |U V110  |Y 11  |7 A000000938 
856 4 |u http://is.stuba.sk/zp/portal_zp.pl?podrobnosti=108820 
856 4 |u https://opac.crzp.sk/?fn=detailBiblioForm&sid=CAF43C23BCEFEBA4BFCB11BCB6F5 
SQL |a stuzp56857  |b DBP  |c SLO  |d Stropná doska administratívnej budovy  |e 63366  |f Šišmišová, Tatiana  |g 010110  |h 938  |i Gramblička, Štefan  |j 20160621  |k 1  |l 01  |m http://is.stuba.sk/zp/portal_zp.pl?podrobnosti=108820  |n B-IKD  |o 5.1.5. inžinierske konštrukcie a dopravné stavby